000 00594nam a2200181Ia 4500
008 090124s9999 xx 000 0 und d
082 _b118250
100 _aभावे पु. भा. (पुरुषोत्तम भास्कर)
245 _a थंडी
250 _a2
260 _c1980
300 _a108
600 _aभावे पु. भा. (पुरुषोत्तम भास्कर)
630 _a थंडी
700 _aभावे पु. भा. (पुरुषोत्तम भास्कर)
730 _a थंडी
942 _cBOOK
999 _c164337
_d164337